<?xml version="1.0" encoding="UTF-8"?><?xml-stylesheet type="text/xsl" href="static/style.xsl"?><OAI-PMH xmlns="http://www.openarchives.org/OAI/2.0/" xmlns:xsi="http://www.w3.org/2001/XMLSchema-instance" xsi:schemaLocation="http://www.openarchives.org/OAI/2.0/ http://www.openarchives.org/OAI/2.0/OAI-PMH.xsd"><responseDate>2026-04-17T01:21:04Z</responseDate><request verb="GetRecord" identifier="oai:www.recercat.cat:2099.1/21324" metadataPrefix="marc">https://recercat.cat/oai/request</request><GetRecord><record><header><identifier>oai:recercat.cat:2099.1/21324</identifier><datestamp>2025-07-22T17:19:21Z</datestamp><setSpec>com_2072_1033</setSpec><setSpec>col_2072_452951</setSpec></header><metadata><record xmlns="http://www.loc.gov/MARC21/slim" xmlns:dcterms="http://purl.org/dc/terms/" xmlns:xsi="http://www.w3.org/2001/XMLSchema-instance" xmlns:doc="http://www.lyncode.com/xoai" xsi:schemaLocation="http://www.loc.gov/MARC21/slim http://www.loc.gov/standards/marcxml/schema/MARC21slim.xsd">
   <leader>00925njm 22002777a 4500</leader>
   <datafield ind2=" " ind1=" " tag="042">
      <subfield code="a">dc</subfield>
   </datafield>
   <datafield ind2=" " ind1=" " tag="720">
      <subfield code="a">Garcia Madero, José Luis</subfield>
      <subfield code="e">author</subfield>
   </datafield>
   <datafield ind2=" " ind1=" " tag="260">
      <subfield code="c">2013-06-27</subfield>
   </datafield>
   <datafield ind2=" " ind1=" " tag="520">
      <subfield code="a">La utilització del model de classe invertida ja es coneix abans de l’any 2000, però va començar a fer-se popular arrel de l’experiència de dos professors de secundària a Colorado (Estats Units) l’any 2007. El concepte “flip” (inversió) surt del fet que s’intercanvien els papers que tradicionalment tenen l’aula, on els professors transmeten els seus coneixements, i la casa de l’alumne, on es treballen els continguts amb els deures. Amb aquest model es planteja que l’alumne rebi els continguts fora de l’aula, mitjançant material audiovisual i inclús suport per internet (fòrums, xarxes socials), i el reforç dels continguts es faci a l’aula mitjançant activitats sobretot cooperatives, transformant l’aula d’una tribuna per a la transmissió de continguts a un veritable espai d’aprenentatge on l’alumne es converteix en protagonista i el professor en facilitador, disposant de més temps per a interactuar amb els seus alumnes.&#xd;
Apart de la part pedagògica que pot caldre reforçar per al disseny de les activitats a l’aula, aquest model té un fort component tecnològic que pot portar a molts professors, amb poca confiança en les seves habilitats en aquest aspecte degut a la seva condició d’immigrants digitals, a no aplicar-lo malgrat creguin en els seus beneficis. Això fa necessari donar a conèixer i posar al seu abast els recursos tècnics i els formatius necessaris per a poder utilitzar-los amb certa confiança i d’aquesta manera dissenyar i aplicar aquesta estratègia didàctica. Una estratègia que s’ha mostrat efectiva en diferents nivells educatius i assignatures, que pot encaixar en l’actual marc legislatiu, i que requereix uns recursos i un esforç a l’abast de la majoria dels docents.</subfield>
   </datafield>
   <datafield tag="653" ind2=" " ind1=" ">
      <subfield code="a">Àrees temàtiques de la UPC::Ensenyament i aprenentatge::Psicologia de l'educació::Motivació en l'educació</subfield>
   </datafield>
   <datafield tag="653" ind2=" " ind1=" ">
      <subfield code="a">Education -- Effect of technological innovations on</subfield>
   </datafield>
   <datafield tag="653" ind2=" " ind1=" ">
      <subfield code="a">Tecnologia</subfield>
   </datafield>
   <datafield tag="653" ind2=" " ind1=" ">
      <subfield code="a">Vídeo</subfield>
   </datafield>
   <datafield tag="653" ind2=" " ind1=" ">
      <subfield code="a">Estratègia</subfield>
   </datafield>
   <datafield tag="653" ind2=" " ind1=" ">
      <subfield code="a">Classe invertida</subfield>
   </datafield>
   <datafield tag="653" ind2=" " ind1=" ">
      <subfield code="a">Screencast</subfield>
   </datafield>
   <datafield tag="653" ind2=" " ind1=" ">
      <subfield code="a">Deures</subfield>
   </datafield>
   <datafield tag="653" ind2=" " ind1=" ">
      <subfield code="a">Flipped classroom</subfield>
   </datafield>
   <datafield tag="653" ind2=" " ind1=" ">
      <subfield code="a">Motivació</subfield>
   </datafield>
   <datafield tag="653" ind2=" " ind1=" ">
      <subfield code="a">Atenció a la diversitat</subfield>
   </datafield>
   <datafield tag="653" ind2=" " ind1=" ">
      <subfield code="a">Educació -- Efecte de les innovacions tecnològiques</subfield>
   </datafield>
   <datafield ind2="0" ind1="0" tag="245">
      <subfield code="a">La deconstrucció de l’aula. Proposta de recursos tècnics i didàctics per a l’aplicació del model de “Classe Invertida” (Flipped Classroom)</subfield>
   </datafield>
</record></metadata></record></GetRecord></OAI-PMH>